| 000 | 01021nac a22003137a 4500 | ||
|---|---|---|---|
| 001 | BR0202795 | ||
| 003 | BR-BrBNA | ||
| 005 | 20240105122653.0 | ||
| 008 | 230509b bl.|||m| |||| 00| 0 por d | ||
| 040 |
_aBR-BrBNA _bpor _cBiblioteca Nacional de Agricultura |
||
| 072 | _aF02 | ||
| 090 | _a1160 BR0202795 | ||
| 100 | 1 | _aCorrêa, M.P.F. | |
| 100 | 1 | _aGadelha, J.W.R. | |
| 100 | 1 | _aCorreia, D. | |
| 100 | 1 | _aRossetti, A.G. | |
| 100 | 1 | _aRibeiro, E.M. | |
| 110 | 1 |
_aEMBRAPA Agroindústria Tropical, Fortaleza, CE (Brasil) _93541 |
|
| 245 | 1 | _aEfeitos de substratos e da idade do porta-enxerto na formação de mudas de cajueiro anão precoce (Anacardium occidentale L.)em tubetes | |
| 260 | 3 |
_aFortaleza, CE (Brasil): _c2000. |
|
| 300 | _a4 p. | ||
| 490 |
_aPesquisa em Andamento - EMBRAPA Agroindústria Tropical (Brazil) _vno. 74 _x |
||
| 650 | _aCAJU | ||
| 650 | _aMUDA | ||
| 650 | _aSUBSTRATO | ||
| 650 | _aPORTA ENXERTO | ||
| 909 |
_a202312 _bLúcia Elande _c55 _dLúcia Elande |
||
| 942 |
_2AGRIS _n0 _cMS |
||
| 999 |
_c292233 _d292233 |
||